| 000 | 00725nam a2200229Ii 4500 | ||
|---|---|---|---|
| 003 | JO-AjNU | ||
| 008 | 230605s9999||||xx |||||||||||||| ||und|| | ||
| 017 | _a1785 | ||
| 020 | _a978-977-368-699-4 | ||
| 040 |
_aJO-AjNU _bara _erda _cJO-AjNU |
||
| 041 | _aara | ||
| 050 | 1 | 4 | _aPJ6161 2017 |
| 100 | 3 |
_aعبد العاطي، هدى فتحي, _eauthor _958529 |
|
| 245 | 0 | 0 | _aأبحاث دلالية |
| 250 | _aطبعة 2017 | ||
| 264 | 3 | 1 | _aالإسكندرية: مؤسسة حورس الدولية، 2017 |
| 300 | _a160ص | ||
| 336 |
_atext _btxt _2rdacontent |
||
| 337 |
_aunmediated _bn _2rdamedia |
||
| 338 |
_avolume _bnc _2rdacarrier |
||
| 650 | 4 |
_aاللغة العربية - علم الدلالة - بحوث _958530 |
|
| 999 |
_aA26288 _c29856 _d29856 |
||